000 00726nam a2200217 a 4500
001 000015035
005 20200929163936.0
008 100129s2001 dr c 000 0 spa d
020 _a999343213X
040 _aDO-SdBNP
_bspa
_cBNPHU
082 _a972.93054
_bB715r
100 1 _aBonilla, Walter
_934030
245 1 3 _aLa Revolución de Abril y Puerto Rico /
_cWalter Bonilla.
260 _aSanto Domingo :
_bCole,
_c2001.
300 _a146 p. :
_bil. ;
_c22 cm.
500 _aIncluye datos biográficos del autor
651 4 _aRepública Dominicana
_xHistoria
_xRevolución 1965
_934031
651 4 _aRepública Dominicana
_xRelaciones Exteriores
_92258
651 4 _aPuerto Rico
_xRelaciones Exteriores
_934032
049 _aBNPD
999 _c14608
_d14608